All Mario Power-Ups - Statistics

General Stats
  • This quiz has been taken 105 times
  • The average score is 18 of 50
Answer Stats
Origin Power-Up % Correct
Super Mario Bros. Fire Flower
96%
Super Mario Galaxy Ice Flower
74%
Super Mario Bros. Super Mushroom
70%
Super Mario Bros. Super Star
69%
New Super Mario Bros. Wii Penguin Suit
66%
New Super Mario Bros. Mega Mushroom
57%
New Super Mario Bros. Mini Mushroom
57%
New Super Mario Bros. Wii Propeller Mushroom
55%
Super Mario 3D World Super Bell
52%
Super Mario Galaxy Bee Mushroom
49%
Super Mario Galaxy 2 Cloud Flower
48%
Super Mario 64 Metal Cap
48%
Super Mario Bros. 3 Super Leaf
48%
Super Mario Bros. 3 Frog Suit
45%
New Super Mario Bros. 2 Gold Flower
45%
Super Mario Wonder Bubble Flower
44%
Super Mario Galaxy Rock Mushroom
44%
Super Mario Galaxy Boo Mushroom
43%
Super Mario Wonder Drill Mushroom
43%
Super Mario 3D Land Boomerang Flower
42%
Super Mario Galaxy Spring Mushroom
40%
New Super Mario Bros. U Super Acorn
39%
Super Mario 64 Wing Cap
38%
Super Mario Bros. 3 Hammer Suit
36%
Super Mario World Cape Feather
35%
Super Mario World P-Balloon
35%
Super Mario Galaxy Red Star
35%
Super Mario Wonder Elephant Fruit
34%
New Super Mario Bros. U Deluxe Super Crown
32%
Super Mario Bros. 1-Up Mushroom
31%
Super Mario 3D World Double Cherry
29%
Super Mario Land 2 Carrot
27%
Super Mario 3D World +Bowser's Fury Giga Bell
26%
New Super Mario Bros. U P-Acorn
26%
Super Mario 64 Vanish Cap
26%
Super Mario 3D World Lucky Bell
22%
Super Mario Maker 2 Super Hammer
22%
Super Mario Maker Weird Mushroom
22%
Super Mario Bros. 3 P-Wing
21%
Super Mario Land Superball Flower
21%
Super Mario Maker 2 Mystery Mushroom
19%
Super Mario Maker Big Mushroom
18%
Super Mario Galaxy Rainbow Star
16%
Super Mario Maker 2 Master Sword
13%
New Super Mario Bros. 2 Invincibility Leaf
10%
Super Mario 3D Land Statue Leaf
10%
Super Mario Galaxy 2 Spin Drill
8%
Super Mario Maker 2 SMB2 Mushroom
6%
New Super Mario Bros. U Boost Star
4%
Super Mario 3D World +Bowser's Fury Invincibility Bell
4%
No matching quizzes found
Score Distribution
Percent of People with Each Score
Percentile by Number Answered
Your Score History
You have not taken this quiz